| 000 | 01144nam a22003497a 4500 | ||
|---|---|---|---|
| 003 | CHAP | ||
| 005 | 20220329134437.0 | ||
| 008 | 971013s1977 r 00010 d | ||
| 010 | _a20571 | ||
| 011 | _a21543 | ||
| 035 | _a25633 | ||
| 040 | _cCHAP | ||
| 090 | _aFolleto 3978 | ||
| 100 | 0 | 0 |
_aDomínguez Mora, Ramón. _933858 |
| 245 | _aRed hidrológica; elementos básicos | ||
| 260 |
_aMéxico, D.F. : _bComisión de Plan Nacional Hidráulico, _c1977 |
||
| 300 |
_a33 p. _b: gráfs. |
||
| 490 |
_aDocumentación _v; 3 |
||
| 590 |
_aBATCH-UPD _b10 _c20130110 _lUCH01 _h0023 |
||
| 590 |
_aBATCH-UPD _b10 _c20130110 _lUCH01 _h1302 |
||
| 590 |
_aBATCH-UPD _b10 _c20130409 _lUCH01 _h2003 |
||
| 590 |
_aBATCH-UPD _b10 _c20130410 _lUCH01 _h0820 |
||
| 590 |
_aBATCH-UPD _b10 _c20130913 _lUCH01 _h1953 |
||
| 590 |
_aCONVERSION _b10 _c20130109 _lUCH01 _h1312 |
||
| 650 | 1 | 4 |
_aAforadores. _91033 |
| 650 | 1 | 4 |
_aCorrientes de agua _xMedición. _928261 |
| 830 |
_aDocumentación _v; 3 _933173 |
||
| 901 | _aBK | ||
| 942 | _cFOLL | ||
| 949 |
_aFolleto 3978 _bBC _cFOLL _d-59040 _eTS1 _i25633 _mD _si |
||
| 949 |
_aFolleto 3978 _bBC _cFOLL _d-59041 _eTS2 _fc.2 _i25633 _mD _si |
||
| 999 |
_c20571 _d20571 |
||